Fundamentals of ecology
Kaydedildi:
| Yazar: | |
|---|---|
| Materyal Türü: | Kitap |
| Dil: | Undetermined |
| Baskı/Yayın Bilgisi: |
Belmont, CA
Thomson Brooks/Cole
2005
|
| Konular: | |
| Etiketler: |
Etiketle
Etiket eklenmemiş, İlk siz ekleyin!
|
| Thư viện lưu trữ: | Trung tâm Học liệu Trường Đại học Cần Thơ |
|---|
| LEADER | 00598nam a2200217Ia 4500 | ||
|---|---|---|---|
| 001 | CTU_130041 | ||
| 008 | 210402s9999 xx 000 0 und d | ||
| 020 | |c 128.95 | ||
| 082 | |a 577 | ||
| 082 | |b O.27 | ||
| 100 | |a Odum, Eugene P. | ||
| 245 | 0 | |a Fundamentals of ecology | |
| 245 | 0 | |c Eugene P. Odum, Gary W. Barrett. | |
| 260 | |a Belmont, CA | ||
| 260 | |b Thomson Brooks/Cole | ||
| 260 | |c 2005 | ||
| 526 | |a Cấu trúc và chức năng hệ sinh thái | ||
| 526 | |b MT639 | ||
| 650 | |a ecology | ||
| 650 | |x textbooks | ||
| 980 | |a Trung tâm Học liệu Trường Đại học Cần Thơ | ||